Journal of Pakistan Medical Students

Detalles Bibliográficos
Formato: Seriadas
Lenguaje:inglés
Publicado: Karachi : AsiaNet Pakistan (Pvt), 2011-
Materias:
Acceso en línea:http://www.vlex.com/source/8900

MARC

LEADER 00000nas a22000007a 4500
005 20130503085638.0
007 cr|||| ||||
008 130503e2011 pk |||| s|||| 0|||b eng d
035 |a 8900 
040 |a vLex 
090 |c 4259  |d 4259 
245 0 0 |a Journal of Pakistan Medical Students  |h [Recurso electrn̤ico] 
256 |a Servicio en ln̕ea 
260 |a Karachi :  |b AsiaNet Pakistan (Pvt),   |c 2011- 
300 |a 1 Recurso electrn̤ico 
506 |d vLex Global  |d vLex Global (Academic Edition, excluding Law Schools)  |d vLex Global (U.S. Academic Edition, Law Schools)  |d vLex Global (U.S. Academic Edition, excluding Law Schools)  |d vLex Global (Academic Edition, Law Schools) 
650 0 4 |a Medicina  |v Revistas 
740 |a vLex Revistas (Servicio en ln̕ea) 
856 |a Acceso restringido  |u http://www.vlex.com/source/8900 
942 |c REV 
999 0 |a Medicine